Hacia la efectiva prevención y sanción del acoso sexual en Argentina (Registro nro. 28323)

Detalles MARC
000 -LEADER
fixed length control field 00354 a2200109 4500
001 - CONTROL NUMBER
control field ART_26114
005 - DATE AND TIME OF LATEST TRANSACTION
control field 20260410161928.0
008 - FIXED-LENGTH DATA ELEMENTS--GENERAL INFORMATION
fixed length control field 260409a
100 1# - MAIN ENTRY--PERSONAL NAME
Personal name Gebruers, Cecilia
245 10 - TITLE STATEMENT
Title Hacia la efectiva prevención y sanción del acoso sexual en Argentina
773 0# - HOST ITEM ENTRY
Title Derechos humanos
Related parts - Año III, Nº 5 (jun. 2014)
Record control number REV22278

No hay ítems disponibles.